000 00387cam a22001337a 4500
008 180718b1972 xxu||||| |||| 00| 0 eng d
082 _aT000 R482
100 _aRipley, R.B.
245 _aThe politics of economic and human resource development
_cby R.B. Ripley
260 _aNew York
_bBobbs-Merrill
_c1972
300 _a184p.
650 _aPublic policy
650 _aEconomic development
999 _c352632
_d352632